000
00287nam a22001217a 4500
008
180302b xxu||||| |||| 00| 0 eng d
041
_a
eng
080
_a
004
100
_a
36
101
_a
shk
245
_a
simulink dynamic simulation for mat lab
_c
james.d
942
_2
udc
_c
BK
999
_c
43924
_d
43924